Registro y matricula de la propiedad (Registro nro. 308843)

Detalles MARC
000 -ENCABEZADO
Número de control [NR] 01523nam a2200241Ia 4500
005 - FECHA Y HORA DE LA ÚLTIMA TRANSACCIÓN
control field 20171206151839.0
008 - DE LONGITUD FIJA DE DATOS DE ELEMENTOS - INFORMACIÓN GENERAL
Elementos de longitud fija [NR] 130821s1933 ck fr 1 spa
040 ## - FUENTE DE CATALOGACION [NR]
Agencia de catalogación original [NR] Co-BoUCM
Idioma de catalogación [NR] spa
Quien Cataloga Sandra Yazo
Quien Clasifica Sandra Yazo
041 ## - CODIGO DE IDIOMA [R]
Código de idioma para texto/pista de sonido o título separado [R] Español
082 04 - NUMERO DE CLASIFICACION DECIMAL DEWEY [R]
Número de clasificación [R] 348.02861
Número de la edición [NR] 20
092 ## - SIGNATURA TOPOGRAFICA LOCAL
Número de clasificación local E44N076
100 1# - ASIENTO PRINCIPAL--NOMBRE PERSONAL [NR]
Nombre personal [NR] Latorre U, Luis F.
ID Autoridad 84889
245 10 - MENCION DE TITULO [NR]
Título [NR] Registro y matricula de la propiedad
Mención de responsabilidad, etc. [NR] Luis F. Latorre U.
260 ## - PUBLICACION, DISTRIBUCION, ETC. (PIE DE IMPRENTA) [R]
Lugar de publicación, distribución, etc. [R] Bogotá (Colombia)
Nombre del editor, distribuidor, etc. [R] Imprenta Nacional
Fecha de publicación, distribución, etc. [R] 1933
300 ## - DESCRIPCION FISICA [R]
Extensión [R] 223 páginas
Dimensiones [R] 24 x 16 cm.
500 ## - NOTA GENERAL [R]
Nota general [NR] Detalles físicos: Encuadernación rígida (holandesa) en cartón duro forrado en papel jaspeado. Lomo de tela texturizada con adornos en dorado. Guardas. Portada impresa en una sola tinta. Texto impreso en una sola columna, con diferentes tipos de letra. Notas de pie de página. Plegable. Índice. Ej.2 con raspaduras en bordes de tapas
505 0# - NOTA DE CONTENIDO CON FORMATO PREESTABLECIDO [R]
Nota de contenido con formato preestablecido [NR] Exposición de motivos ; Estudio jurídico sobre el registro en Colombia y comparación con normativa de otros países (Capítulos 1 al 17) ; Modelo de un matrícula de registro ; Proyecto de Ley presentado en 1931 y sus debates ; Proyecto, modificado, presentado en 1932 ; Actas de sesiones de Senado y Cámara ; Texto definitivo de la Ley 40 de 1932 ; Decretos reglamentarios ; La Ley 50 de 1933 y el Decreto 1985 de 1933 ; Apéndices
506 ## - NOTA DE RESTRICCIONES DE ACCESO [R]
Condiciones de acceso [NR] Consulta en sala
650 #7 - ASIENTO SECUNDARIO DE MATERIA - TERMINO TEMATICO [R]
Término temático o nombre geográfico como elemento de entrada [NR] Propiedad
9 (RLIN) 22576
Subdivisión general [R] Leyes y legislación
650 #7 - ASIENTO SECUNDARIO DE MATERIA - TERMINO TEMATICO [R]
Término temático o nombre geográfico como elemento de entrada [NR] Derecho civil
Subdivisión geográfica [R] Colombia
9 (RLIN) 34616
690 ## - ASUNTO AGREGADO LOCAL DE ENTRADA - TÉRMINO TEMÁTICO (OCLC, RLIN)
Acceso temático local Derecho civil
9 (RLIN) 12711
942 ## - ELEMENTOS DE ENTRADA AGREGADOS (KOHA)
Tipo de ítem principal el descrito en 300a Libro
Edición 1
Título oculto en OPAC No
Sistema de clasificación LOCAL
Clasificación E44N076
Existencias
Suprimido Perdido Sistema de clasificación Dañado No prestable Tipo de ítem específico Ubicación habitual Ubicación actual Localización Fecha de creación Forma de adquisición Costo Total préstamos Signatura topográfica Código de barras Última vez visto Ejemplar Price effective from Tipo de ítem
    LOCAL     Libro archivo Archivo Histórico Archivo Histórico Archivo histórico 04/12/2017 Donación 0.00   E44N076 L006403 04/12/2017 Ej.1 04/12/2017 Libro
    LOCAL     Libro archivo Archivo Histórico Archivo Histórico Archivo histórico 04/12/2017 Donación 0.00   E44N076 L006410 04/12/2017 Ej.2 06/12/2017 Libro